000 00699nam a2200253 i 4500
001 C2-0091477
003 PPAK
005 20180727092418.0
008 970514s1990 my a|||| ||||| | may d
020 _a9836210466
040 _aPPAK
_beng
_cPPAK
_erda
082 0 4 _a690
_223
090 0 0 _a690
_bRUS
_dG
090 0 0 _a690
_bRUS
_dKIH
100 0 _aRusdi Haji Mustafa,
_eauthor
245 1 0 _aPengurusan projek pembinaan
264 1 _aKuala Lumpur :
_bDewan Bahasa dan Pustaka ,
_c1990
300 _av, 137 pages :
_billustrations ;
_c24 cm
336 _2rdacontent
_atext
337 _2rdamedia
_aunmediated
338 _2rdacarrier
_avolume
650 1 0 _aBuilding management
942 _ddc
_cB
999 _c19380
_d19380